| 000 | 00444 a2200169 4500 | ||
|---|---|---|---|
| 001 | 191808 | ||
| 020 | _a978-85-262-8560-6 | ||
| 040 | _cMagnum | ||
| 100 | _aSouza, Flavio de | ||
| 240 | 1 | 0 |
_aUma menina, um menino: papel de carta, papel de embrulho _lpor |
| 245 | 1 | 0 | _aUma menina, um menino: papel de carta, papel de embrulho |
| 300 | _a46 | ||
| 362 | 0 | _a2012 | |
| 440 | 1 | _aScipione | |
| 697 | _aLITERATURA INFANTO-JUVENIL | ||
| 942 | _cBK | ||
| 999 |
_c191808 _d191808 |
||